[Event "St Lorrain op 7th"]
[Site "St Lorrain"]
[Date "2005.07.11"]
[EventDate "?"]
[Round "4"]
[Result "0-1"]
[White "Yifan Hou"]
[Black "Shen Yang"]
[WhiteElo "2158"]
[BlackElo "2322"]
[PlyCount "119"]

1. e4 e5 2. Nf3 Nc6 3. Bb5 a6 4. Ba4 Nf6 5. O-O b5 6. Bb3 Be7
7. Re1 d6 8. a4 Bd7 9. c3 O-O 10. d3 h6 11. Nbd2 Re8 12. Nf1
Bf8 13. h3 Na5 14. Bc2 c5 15. Ng3 Rb8 16. axb5 axb5 17. d4
exd4 18. cxd4 Nc6 19. dxc5 dxc5 20. Bf4 Rb7 21. e5 Nh7 22. Qd3
g6 23. Qe3 h5 24. Rad1 Qc8 25. Bh6 Nd4 26. Be4 Nxf3+ 27. Qxf3
Rb6 28. Bxf8 Nxf8 29. Bd5 Re7 30. Ne4 Qc7 31. Nf6+ Kg7 32. Qg3
h4 33. Qg5 Bf5 34. Qxh4 Rxe5 35. Ne8+ Rxe8 36. Rxe8 Rd6
37. Rde1 Qa5 38. Qe7 Ne6 39. Rxe6 Rxe6 40. Qf8+ Kf6 41. Qh8+
Kg5 42. h4+ Kg4 43. Bxe6 Qe1+ 44. Kh2 fxe6 45. Qf6 Kf4
46. Qg5+ Ke4 47. Kg3 Kd3 48. Rc8 c4 49. Qf6 b4 50. Qd8+ Ke2
51. Qd4 Bd3 52. Rc6 Kf1 53. Rc5 b3 54. Rxc4 Bxc4 55. Qxc4+ Kg1
56. Qc5 Qd2 57. f3+ Kf1 58. Qc4+ Qe2 59. Qxb3 e5 60. Qb4 0-1

[Event "Beijing zt 3.3 (Women)"]
[Site "Beijing"]
[Date "2005.10.20"]
[EventDate "?"]
[Round "1"]
[Result "1-0"]
[White "Shen Yang"]
[Black "Yifan Hou"]
[WhiteElo "2326"]
[BlackElo "2220"]
[PlyCount "155"]

1. e4 e6 2. d4 d5 3. Nd2 Be7 4. Bd3 c5 5. dxc5 Nf6 6. Qe2 O-O
7. Ngf3 a5 8. e5 Nfd7 9. h4 h6 10. Nb3 a4 11. Nbd4 Nxc5
12. Rh3 f5 13. h5 Ne4 14. a3 Nc6 15. Be3 Qa5+ 16. Kf1 Bd7
17. Qe1 Qxe1+ 18. Rxe1 Na5 19. Nh4 Bg5 20. Ng6 Bxe3 21. fxe3
Rfe8 22. Ke2 Nc4 23. Bxc4 dxc4 24. Rh4 c3 25. Rxe4 fxe4
26. bxc3 Rac8 27. Kd2 Bc6 28. Rb1 Bd5 29. Nb5 Rc5 30. Nd6 Rb8
31. Rb6 Kh7 32. g4 Bc6 33. Rb4 Be8 34. Nf8+ Kg8 35. Nxe6 Rxe5
36. Nf4 Bd7 37. Nxe4 Bxg4 38. Ng3 Bd7 39. Rd4 Bc6 40. e4 Rbe8
41. Ke3 Rg5 42. Nge2 Re7 43. c4 Be8 44. Rd8 Kh7 45. Nd5 Ree5
46. Nef4 Bxh5 47. Rd7 Kg8 48. Rxb7 Bd1 49. Rb8+ Kh7 50. Rb7
Kg8 51. Rb8+ Kf7 52. Rb7+ Ke8 53. Nc7+ Kd8 54. Nce6+ Kc8
55. Rc7+ Kb8 56. Rd7 Bxc2 57. Nxg5 hxg5 58. Nd3 Bxd3 59. Kxd3
g6 60. Rd5 Re6 61. Rxg5 Ra6 62. Rc5 Kb7 63. Kd4 Ra8 64. Rg5
Ra6 65. Rd5 Kc7 66. Ke5 Ra8 67. Kf6 Rh8 68. e5 Rh3 69. e6 Rxa3
70. e7 Rf3+ 71. Kxg6 Re3 72. Kf7 Rf3+ 73. Ke8 a3 74. Rd7+ Kc8
75. Ra7 Rc3 76. Kf7 Rf3+ 77. Ke6 Re3+ 78. Kd6 1-0

[Event "World Team Championship"]
[Site "Beer Sheva ISR"]
[Date "2005.11.01"]
[EventDate "2005.11.01"]
[Round "1"]
[Result "0-1"]
[White "Shen Yang"]
[Black "Zhou Jianchao"]
[WhiteElo "2326"]
[BlackElo "2516"]
[PlyCount "228"]

1. e4 c5 2. Nf3 d6 3. d4 cxd4 4. Nxd4 Nf6 5. Nc3 a6 6. Be2 e5
7. Nb3 Be7 8. Bg5 Nbd7 9. a4 h6 10. Be3 b6 11. O-O Bb7 12. f3
Rc8 13. Qd2 O-O 14. Rfd1 Qc7 15. Rac1 Qb8 16. Nd5 Nxd5
17. exd5 f5 18. Qb4 a5 19. Qb5 Qc7 20. f4 exf4 21. Nd4 fxe3
22. Ne6 Bf6 23. Nxc7 Rxc7 24. c3 Bc8 25. b4 Ra7 26. Qc6 Be5
27. g3 g5 28. Rc2 Kh8 29. Bf3 Ba6 30. bxa5 bxa5 31. Be2 Bxe2
32. Rxe2 f4 33. Rf1 Rg8 34. gxf4 gxf4+ 35. Rg2 Rf8 36. Rg6 Kh7
37. Rxd6 Nf6 38. Rb1 Rg7+ 39. Kf1 f3 40. Re6 e2+ 41. Kf2 Ng4+
42. Ke1 Bxh2 43. Kd2 Bf4+ 44. Kc2 Ne5 45. Qc5 Rg2 46. Re1 Rf7
47. Qd4 f2 48. Qe4+ Rg6 49. Rxg6 fxe1=N+ 50. Kb3 Nxg6 51. Qxe2
Rb7+ 52. Ka2 Re7 53. Qd1 Ng2 54. c4 Ne3 55. Qd3 Bd6 56. Qd4
Nc2 57. Qb6 Bc7 58. Qf6 Be5 59. Qb6 Nb4+ 60. Kb3 Nxd5 61. cxd5
h5 62. Qd8 Rb7+ 63. Kc2 Rb2+ 64. Kc1 Rb8 65. Qxa5 h4 66. Qa7+
Kh6 67. Qd7 Ra8 68. Kc2 Ra6 69. Qg4 Rd6 70. Qe4 Kg7 71. Qf3
Rf6 72. Qg4 Rf2+ 73. Kb3 Rb2+ 74. Kc4 Rc2+ 75. Kb5 Rc3 76. Qd1
Rc7 77. Qg4 Rc3 78. Qd1 Rc8 79. Qg4 Rh8 80. Qd7+ Kf6 81. Qc6+
Kg5 82. d6 h3 83. d7 h2 84. a5 Rd8 85. Qg2+ Kf6 86. Qf3+ Ke7
87. a6 Rxd7 88. Kb6 Bd4+ 89. Kb5 Ne5 90. Qe4 Ke6 91. Qh4 Bg1
92. Qh6+ Kd5 93. Qh3 Ra7 94. Qg2+ Kd4 95. Qh3 Ke4 96. Qh4+ Kf5
97. Qh5+ Kf4 98. Qh4+ Ng4 99. Qh3 Ra8 100. Qh7 Bd4 101. Qc7+
Kg5 102. Qc6 Rh8 103. Qd5+ Kg6 104. Qe4+ Kf7 105. Qd5+ Kg6
106. Qe4+ Kg5 107. Qd5+ Kh4 108. Qg2 Rb8+ 109. Kc4 Rb1
110. Kxd4 h1=Q 111. Qxh1+ Rxh1 112. Kc5 Ra1 113. Kb6 Ne5
114. a7 Nc6 0-1

[Event "World Team Championship"]
[Site "Beer Sheva ISR"]
[Date "2005.11.03"]
[EventDate "2005.11.01"]
[Round "3"]
[Result "0-1"]
[White "Sergey Erenburg"]
[Black "Shen Yang"]
[WhiteElo "2582"]
[BlackElo "2326"]
[PlyCount "122"]

1. e4 e5 2. Nf3 Nc6 3. Bb5 a6 4. Ba4 Nf6 5. O-O b5 6. Bb3 Be7
7. Re1 d6 8. c3 O-O 9. h3 h6 10. d4 Re8 11. Nbd2 Bf8 12. a3
Bd7 13. Ba2 a5 14. Qc2 a4 15. Nf1 Na5 16. Be3 c5 17. N3d2 Qc8
18. Qd1 Nc6 19. d5 Na5 20. g4 Nh7 21. Ng3 g6 22. Kh2 Qd8
23. Rg1 Kh8 24. Qe2 Rb8 25. Rac1 b4 26. cxb4 cxb4 27. Bb1 bxa3
28. bxa3 Nb3 29. Nxb3 Rxb3 30. Ba2 Rxa3 31. Qb2 Rxe3 32. fxe3
Qh4 33. Kg2 h5 34. Rc7 Rd8 35. Rh1 hxg4 36. hxg4 Qxg4 37. Qe2
Qg5 38. Qf3 Be8 39. Bc4 Rb8 40. Be2 Kg8 41. Rhc1 Nf6 42. Rc8
Rxc8 43. Rxc8 Bd7 44. Ra8 Bg4 45. Qf2 Bxe2 46. Qxe2 Nxe4
47. Qf3 f5 48. Rxa4 Nc5 49. Rc4 Nd3 50. Qe2 e4 51. Kh3 Ne5
52. Rc8 Nf3 53. Kg2 Qh4 54. Nf1 f4 55. Rxf8+ Kxf8 56. exf4
Qxf4 57. Ng3 Ng5 58. Qc4 Qg4 59. Qb4 Qh3+ 60. Kf2 Qh2+ 61. Kf1
Qxg3 0-1

[Event "World Team Championship"]
[Site "Beer Sheva ISR"]
[Date "2005.11.04"]
[EventDate "2005.11.01"]
[Round "4"]
[Result "1/2-1/2"]
[White "Shen Yang"]
[Black "Merab Gagunashvili"]
[WhiteElo "2326"]
[BlackElo "2542"]
[PlyCount "84"]

1. e4 c5 2. Nf3 e6 3. d4 cxd4 4. Nxd4 Nc6 5. Nb5 d6 6. c4 Nf6
7. N1c3 a6 8. Na3 Be7 9. Be2 O-O 10. O-O b6 11. Be3 Bb7 12. f3
Re8 13. Qb3 Nd7 14. Rfd1 Nc5 15. Qc2 Qc7 16. Bf4 Ne5 17. Kh1
Rac8 18. Rac1 Ncd7 19. Qd2 Qb8 20. Bf1 Red8 21. Qf2 Bc6 22. b4
Ba8 23. Qb2 Re8 24. Qb3 Bd8 25. Qa4 a5 26. bxa5 Bc6 27. Qb4
Be7 28. axb6 d5 29. Qb3 Nc5 30. Qb2 Nxc4 31. Nxc4 Qxf4
32. exd5 exd5 33. Ne2 Qg5 34. Na5 Ba4 35. f4 Qg6 36. Rd3 d4
37. Rxd4 Nd3 38. Rd5 Nf2+ 39. Kg1 Nh3+ 40. Kh1 Nf2+ 41. Kg1
Nh3+ 42. Kh1 Nf2+ 1/2-1/2

[Event "World Team Championship"]
[Site "Beer Sheva ISR"]
[Date "2005.11.05"]
[EventDate "2005.11.01"]
[Round "5"]
[Result "1-0"]
[White "Sergey Karjakin"]
[Black "Shen Yang"]
[WhiteElo "2658"]
[BlackElo "2326"]
[PlyCount "99"]

1. e4 e5 2. Nf3 Nc6 3. Bb5 a6 4. Ba4 Nf6 5. O-O b5 6. Bb3 Be7
7. Re1 d6 8. c3 O-O 9. h3 h6 10. d4 Re8 11. Nbd2 Bf8 12. Nf1
Bb7 13. Ng3 Na5 14. Bc2 Nc4 15. b3 Nb6 16. Bb2 c5 17. d5 g6
18. Qe2 a5 19. Bd3 b4 20. a4 Nfd7 21. Bb5 Bg7 22. Rac1 Rf8
23. cxb4 axb4 24. Nd2 h5 25. Ngf1 Bh6 26. Ne3 Bxe3 27. Qxe3
Qh4 28. Rf1 Ba6 29. Bxa6 Rxa6 30. f4 exf4 31. Rxf4 Qe7 32. Qg3
Ne5 33. Rcf1 Nbd7 34. Rh4 Kh7 35. Rf5 Nf6 36. Bxe5 dxe5
37. Rxe5 Qd8 38. Nc4 Nd7 39. Rg5 Kh6 40. Rgg4 f5 41. exf5 Rxf5
42. Nd6 Rxd6 43. Qxd6 Qe8 44. Re4 Qf7 45. Rhf4 Qxd5 46. Qxd5
Rxd5 47. a5 Rd3 48. Rf3 Rd1+ 49. Rf1 Rd3 50. Rf7 1-0

[Event "World Team Championship"]
[Site "Beer Sheva ISR"]
[Date "2005.11.07"]
[EventDate "2005.11.01"]
[Round "6"]
[Result "1-0"]
[White "Ildar Ibragimov"]
[Black "Shen Yang"]
[WhiteElo "2617"]
[BlackElo "2326"]
[PlyCount "149"]

1. e4 e5 2. Bc4 Nf6 3. d3 Bc5 4. Nc3 d6 5. Na4 Bb6 6. Nxb6
axb6 7. Nf3 Nc6 8. c3 Be6 9. Bb5 Ra5 10. a4 O-O 11. O-O Ne7
12. d4 Nxe4 13. Qe2 f5 14. dxe5 c6 15. Nd4 Bf7 16. exd6 Nxd6
17. Ne6 Bxe6 18. Qxe6+ Nf7 19. Bg5 cxb5 20. Bxe7 Re8 21. Rfe1
Qc7 22. Bd6 Rxe6 23. Bxc7 Rxa4 24. Kf1 Rxa1 25. Rxa1 Nd6
26. Rd1 Ne4 27. f3 Nc5 28. Rd5 g6 29. h4 Kf7 30. Bd6 Nd7
31. Bf4 Nc5 32. Bd6 Nd7 33. Bg3 Nc5 34. Bf2 Rc6 35. Rd8 Rc7
36. Rd6 Na4 37. Bd4 Ke7 38. Rd5 Nxb2 39. Rxb5 Na4 40. Rb3 Kd6
41. Ke2 Re7+ 42. Kd2 Kc6 43. Ra3 b5 44. Ra1 Nb6 45. h5 Nd5
46. g3 g5 47. Ra8 f4 48. g4 Ne3 49. Rc8+ Kd7 50. Rc5 Nc4+
51. Kd3 Nb2+ 52. Kd2 Nc4+ 53. Kd3 Nb2+ 54. Kc2 Re2+ 55. Kb3
Nd3 56. Rxg5 Kc6 57. c4 Nc1+ 58. Kb4 Na2+ 59. Kb3 Nc1+ 60. Kb4
Na2+ 61. Ka5 b6+ 62. Bxb6 b4 63. Rc5+ Kd6 64. Rd5+ Kc6
65. Rc5+ Kd6 66. Rc8 b3 67. Bd4 Nc1 68. Rb8 Kc6 69. Kb4 Ra2
70. g5 Rh2 71. h6 Kc7 72. Rb5 Kc6 73. Rb6+ Kc7 74. c5 Kd7
75. Kc4 1-0

[Event "World Team Championship"]
[Site "Beer Sheva ISR"]
[Date "2005.11.08"]
[EventDate "2005.11.01"]
[Round "7"]
[Result "1/2-1/2"]
[White "Ashot Anastasian"]
[Black "Shen Yang"]
[WhiteElo "2596"]
[BlackElo "2326"]
[PlyCount "207"]

1. Nf3 d5 2. g3 c6 3. Bg2 Nf6 4. O-O Bf5 5. d3 e6 6. Nbd2 Be7
7. Qe1 h6 8. e4 Bh7 9. Ne5 dxe4 10. dxe4 Nbd7 11. Nxd7 Nxd7
12. f4 O-O 13. Nb3 a5 14. Be3 a4 15. Nd2 Bc5 16. Rd1 Qe7
17. Qf2 Bxe3 18. Qxe3 Qb4 19. b3 axb3 20. axb3 Qc5 21. Nc4
Qxe3+ 22. Nxe3 Nc5 23. Rd4 e5 24. fxe5 Ne6 25. Rd7 Nc5 26. Rd4
Ne6 27. Rb4 b5 28. Nf5 Ra7 29. c4 bxc4 30. Rxc4 c5 31. Nd6 Ra3
32. Bh3 Ng5 33. Bd7 Rxb3 34. h4 Rxg3+ 35. Kh2 Rf3 36. Rcc1 Rd8
37. hxg5 Rxf1 38. Rxf1 Rxd7 39. Rb1 Rd8 40. gxh6 gxh6 41. Rb6
Bg6 42. Kg3 Kg7 43. Rc6 Kf8 44. Kf4 h5 45. Kg5 Kg7 46. Rc7 h4
47. Kxh4 Kh6 48. Rc6 Rd7 49. Kg4 Ra7 50. Nf5+ Kh7 51. Kg5 Bxf5
52. exf5 Kg7 53. f6+ Kh7 54. Rxc5 Ra1 55. Rc4 Rf1 56. Rh4+ Kg8
57. Rf4 Re1 58. Kf5 Kf8 59. Ra4 Rf1+ 60. Ke4 Re1+ 61. Kd5 Rd1+
62. Rd4 Re1 63. Kd6 Ke8 64. Ra4 Rd1+ 65. Kc6 Rc1+ 66. Kd5 Rd1+
67. Ke4 Re1+ 68. Kf5 Rf1+ 69. Rf4 Re1 70. Rf2 Kd7 71. Rd2+ Ke8
72. Rd3 Rf1+ 73. Ke4 Re1+ 74. Kd5 Kd7 75. Rd2 Rf1 76. Ke4+ Ke8
77. Rd5 Re1+ 78. Kd4 Rc1 79. Ra5 Rd1+ 80. Ke4 Re1+ 81. Kd5
Rd1+ 82. Kc6 Rc1+ 83. Kd6 Rd1+ 84. Rd5 Rc1 85. Rd4 Re1 86. Ra4
Rd1+ 87. Kc6 Rc1+ 88. Kd5 Rd1+ 89. Ke4 Re1+ 90. Kf5 Rf1+
91. Kg5 Rg1+ 92. Rg4 Re1 93. Kh6 Kf8 94. Ra4 Rh1+ 95. Kg5 Rg1+
96. Kf4 Rf1+ 97. Kg4 Rg1+ 98. Kf3 Ke8 99. Ra8+ Kd7 100. Kf4
Rf1+ 101. Kg5 Rg1+ 102. Kh6 Ke6 103. Re8+ Kf5 104. Kh7 1/2-1/2

[Event "FIDE Women's World Championship"]
[Site "Ekaterinburg RUS"]
[Date "2006.03.11"]
[EventDate "?"]
[Round "11"]
[Result "1/2-1/2"]
[White "Natalia Zhukova"]
[Black "Shen Yang"]
[WhiteElo "2380"]
[BlackElo "2432"]
[PlyCount "46"]

1. c4 c6 2. e4 d5 3. exd5 cxd5 4. d4 Nc6 5. Nc3 dxc4 6. Nf3
Bg4 7. Bxc4 e6 8. O-O Bd6 9. d5 Bxf3 10. Qxf3 Qh4 11. h3 Qxc4
12. dxc6 Qxc6 13. Ne4 Be7 14. Rd1 Nf6 15. Nd6+ Kf8 16. Nxb7
Qxf3 17. gxf3 Nd5 18. Na5 Rb8 19. Nc6 Rb6 20. Ne5 Rb7 21. b3
f6 22. Nc4 Kf7 23. Be3 g5 1/2-1/2

[Event "FIDE Women's World Championship"]
[Site "Ekaterinburg RUS"]
[Date "2006.03.12"]
[EventDate "2006.03.11"]
[Round "1.2"]
[Result "1/2-1/2"]
[White "Shen Yang"]
[Black "Natalia Zhukova"]
[WhiteElo "2380"]
[BlackElo "2432"]
[PlyCount "104"]

1. e4 e5 2. Nf3 Nc6 3. Bb5 Nf6 4. d3 Bc5 5. c3 O-O 6. O-O d5
7. Nbd2 Bg4 8. Bxc6 bxc6 9. Qa4 Qe8 10. h3 Bh5 11. Nxe5 Qxe5
12. d4 Qe8 13. dxc5 Nxe4 14. Nb3 Be2 15. Re1 Bc4 16. Nd2 Bb5
17. Qd4 Qd8 18. Nxe4 dxe4 19. Qxe4 Re8 20. Qxe8+ Qxe8
21. Rxe8+ Rxe8 22. Be3 Rd8 23. Re1 Kf8 24. Bf4 Rd7 25. Re4 f6
26. h4 Kf7 27. f3 Rd1+ 28. Kh2 Rb1 29. c4 Ba6 30. b3 Rb2
31. Bxc7 Bc8 32. Rd4 Rxa2 33. Rd8 Be6 34. Bd6 h5 35. Rf8+ Kg6
36. Re8 Bf5 37. Rb8 Rb2 38. Rb7 a5 39. Rb6 Bd3 40. Rxc6 Rxb3
41. Ra6 Bxc4 42. Rxa5 Bd5 43. Ra7 Rb7 44. Ra6 Rb2 45. Kg3 Bb7
46. Ra1 Kf5 47. Re1 g5 48. Re7 g4 49. Bf4 gxf3 50. gxf3 Rb3
51. Be3 Bd5 52. Re8 Bc6 1/2-1/2

[Event "37th Chess Olympiad: Women"]
[Site "Turin ITA"]
[Date "2006.05.21"]
[EventDate "2006.05.21"]
[Round "1"]
[Result "1-0"]
[White "Shen Yang"]
[Black "Khye Theng Wan"]
[WhiteElo "2411"]
[BlackElo "1989"]
[PlyCount "121"]

1. e4 e6 2. d4 d5 3. Nd2 Nf6 4. e5 Nfd7 5. Bd3 c5 6. c3 Nc6
7. Ne2 cxd4 8. cxd4 f6 9. exf6 Nxf6 10. O-O Bd6 11. Nf3 Qc7
12. Bg5 O-O 13. Rc1 Nh5 14. Ng3 Nf4 15. Bb1 h6 16. Bxf4 Bxf4
17. Qd3 g5 18. Nh5 Qf7 19. Nxf4 gxf4 20. Rce1 Bd7 21. Qb3 Qg7
22. Qd1 Rae8 23. Kh1 Kh8 24. Bc2 Rf6 25. Rg1 Rg8 26. a3 Rff8
27. Qd3 Qf7 28. Ba4 Qf5 29. Qxf5 Rxf5 30. Bxc6 bxc6 31. Rc1
Rc8 32. Rc5 Rb8 33. b4 Kg7 34. Ne5 Be8 35. Re1 Kf6 36. f3 Rb6
37. Ng4+ Ke7 38. Nxh6 Rh5 39. Ng4 Rb7 40. Kg1 Rg5 41. Ne5 Kd6
42. Nd3 Rf7 43. Rc2 Rgf5 44. Rce2 Re7 45. Kf2 Bg6 46. Re5 Rf6
47. Nc5 Bf7 48. Rg5 Rh6 49. Rg4 Rf6 50. Nd3 Bg6 51. Rxf4 Rxf4
52. Nxf4 Bh7 53. Re5 Bg8 54. h4 a5 55. Nd3 axb4 56. axb4 Ra7
57. Rg5 Bh7 58. Nc5 Ra2+ 59. Ke3 Rb2 60. Rg7 Bc2 61. Rd7# 1-0

[Event "37th Chess Olympiad: Women"]
[Site "Turin ITA"]
[Date "2006.05.22"]
[EventDate "2006.05.21"]
[Round "2"]
[Result "0-1"]
[White "Jessie Gilbert"]
[Black "Shen Yang"]
[WhiteElo "2144"]
[BlackElo "2411"]
[PlyCount "104"]

1. d4 d5 2. c4 c6 3. Nf3 Nf6 4. e3 a6 5. Bd3 Bg4 6. Qb3 Bxf3
7. gxf3 Qc7 8. Bd2 e6 9. Bb4 c5 10. dxc5 Nbd7 11. Nc3 Ne5
12. Be2 dxc4 13. Qa4+ Qd7 14. Qxd7+ Nfxd7 15. f4 Nc6 16. Ba3
Bxc5 17. Bxc5 Nxc5 18. Bxc4 Ke7 19. Ke2 b5 20. Bd3 Nxd3
21. Kxd3 Rac8 22. Ke2 Rc7 23. a3 Rhc8 24. f5 Ne5 25. fxe6 fxe6
26. Rab1 Rc4 27. f4 Nd7 28. Rhd1 Nc5 29. Rd4 Rxd4 30. exd4 Nb3
31. Ke3 Rd8 32. Rd1 Na5 33. Rg1 g6 34. Ke4 Nc4 35. Rg2 Nd6+
36. Kd3 Rf8 37. Re2 Kd7 38. d5 exd5 39. Nxd5 Nf5 40. Rc2 Rd8
41. Ke4 Re8+ 42. Kd3 Kd6 43. Nc7 Re3+ 44. Kd2 Rh3 45. Kc1 Nd4
46. Rd2 Kxc7 47. Rxd4 Rxh2 48. a4 Rf2 49. axb5 axb5 50. Re4
Kd6 51. Rb4 Kc5 52. Re4 b4 0-1

[Event "37th Chess Olympiad: Women"]
[Site "Turin ITA"]
[Date "2006.05.25"]
[EventDate "2006.05.21"]
[Round "5"]
[Result "0-1"]
[White "Shen Yang"]
[Black "Ildiko Madl"]
[WhiteElo "2411"]
[BlackElo "2387"]
[PlyCount "80"]

1. e4 c5 2. Nf3 Nc6 3. Bb5 Nf6 4. Nc3 Qc7 5. O-O Nd4 6. Ba4 a6
7. Nxd4 cxd4 8. Nd5 Nxd5 9. exd5 g6 10. d3 h6 11. Re1 Bg7
12. Bd2 b5 13. Bb3 d6 14. Qe2 Bf6 15. Rac1 Bd7 16. c4 Qb6
17. Qf3 Kf8 18. c5 dxc5 19. d6 Bc6 20. Qf4 Be8 21. Rxe7 Bxe7
22. Qe5 Kg8 23. Qxe7 Qd8 24. Qe4 Kh7 25. Rxc5 Qxd6 26. Rh5 Rc8
27. Rxh6+ Kg7 28. Rxh8 Kxh8 29. h3 Kg7 30. Bf4 Qd7 31. Be5+ f6
32. Bxd4 Bf7 33. Qf4 Rc6 34. g4 Bxb3 35. axb3 Rd6 36. Bc3 b4
37. Qxb4 Rxd3 38. Qf4 Qc6 39. Kf1 Qh1+ 40. Ke2 Qd1+ 0-1

[Event "37th Chess Olympiad: Women"]
[Site "Turin ITA"]
[Date "2006.05.27"]
[EventDate "2006.05.21"]
[Round "6"]
[Result "1/2-1/2"]
[White "Marta Bartel"]
[Black "Shen Yang"]
[WhiteElo "2265"]
[BlackElo "2411"]
[PlyCount "131"]

1. d4 d5 2. c4 c6 3. cxd5 cxd5 4. Nc3 Nf6 5. Bf4 Nc6 6. e3 a6
7. Bd3 Bg4 8. Nge2 e6 9. f3 Bh5 10. Rc1 Be7 11. a3 O-O 12. O-O
Rc8 13. Na4 Nd7 14. Bg3 b5 15. Nc5 Nxc5 16. dxc5 e5 17. b4 Qd7
18. Bf2 Rfd8 19. Qc2 Bg6 20. Bxg6 hxg6 21. Rcd1 Qe6 22. Qb3
Rd7 23. Rd2 a5 24. Rfd1 axb4 25. axb4 Rcd8 26. Nc3 d4 27. Qxe6
fxe6 28. exd4 exd4 29. Nxb5 e5 30. f4 Rb7 31. Nd6 Bxd6
32. cxd6 exf4 33. Bxd4 Rxd6 34. Bc3 Re6 35. Rd7 Re7 36. Rxe7
Nxe7 37. Kf2 Rb5 38. Rd7 Kf7 39. Ra7 Ke6 40. Ra6+ Kf7 41. Ra5
Rb7 42. Rc5 Ke6 43. b5 Nf5 44. Kf3 Nd6 45. Kxf4 Nxb5 46. Bxg7
Rxg7 47. Rxb5 Rc7 48. Rb6+ Kf7 49. Kg5 Rc5+ 50. Kh4 Kg7 51. g4
Rc4 52. Rb3 Ra4 53. Kg3 Ra7 54. h4 Rf7 55. Rb5 Kh7 56. h5 gxh5
57. Rxh5+ Kg6 58. Kh4 Rf1 59. Rg5+ Kf6 60. Rb5 Rh1+ 61. Kg3
Kg6 62. Kg2 Ra1 63. Kf3 Ra3+ 64. Kf4 Ra4+ 65. Kg3 Ra1 66. Rb6+
1/2-1/2

[Event "37th Chess Olympiad: Women"]
[Site "Turin ITA"]
[Date "2006.05.29"]
[EventDate "2006.05.21"]
[Round "8"]
[Result "0-1"]
[White "Laura Rogule"]
[Black "Shen Yang"]
[WhiteElo "2309"]
[BlackElo "2411"]
[PlyCount "140"]

1. e4 e5 2. Nf3 Nc6 3. Bb5 a6 4. Ba4 Nf6 5. O-O Be7 6. Re1 b5
7. Bb3 d6 8. c3 O-O 9. h3 h6 10. d4 Re8 11. Nbd2 Bf8 12. Bc2
Bd7 13. Nf1 g6 14. b3 Bg7 15. Ng3 Qb8 16. Be3 Qb7 17. Qd2 Kh7
18. Rac1 Rad8 19. d5 Ne7 20. c4 c5 21. b4 cxb4 22. c5 dxc5
23. Bxc5 Nc8 24. Qxb4 Qb8 25. Qa5 Qb7 26. Bb3 Kg8 27. Rc2 Bf8
28. Bxf8 Kxf8 29. Rec1 Qb6 30. Qa3+ Qd6 31. Qa5 Qb6 32. Qb4+
Qd6 33. Qd2 Kg7 34. Ne1 Nb6 35. Nd3 Rc8 36. Rxc8 Rxc8 37. Rxc8
Bxc8 38. Qc3 Nfd7 39. f4 f6 40. Ne2 Kf8 41. Qc1 Kg7 42. Kf2 a5
43. fxe5 fxe5 44. Qc6 Qf6+ 45. Qxf6+ Kxf6 46. a3 Ba6 47. Ke3
Nc8 48. Nc3 Nd6 49. Nd1 b4 50. axb4 Bxd3 51. Kxd3 axb4 52. Ke3
Nc5 53. Bc2 Nc4+ 54. Ke2 Kg5 55. g3 h5 56. Bd3 Nd6 57. Ke3 h4
58. gxh4+ Kxh4 59. Nf2 b3 60. Kd2 Kg3 61. Ng4 Kf4 62. Kc3 g5
63. Nf6 Kg3 64. Nh7 Nxd3 65. Kxd3 Nxe4 66. d6 Kf4 67. d7 Nc5+
68. Kc3 Nxd7 69. Kxb3 Kf5 70. Kc4 Kg6 0-1

[Event "37th Chess Olympiad: Women"]
[Site "Turin ITA"]
[Date "2006.05.30"]
[EventDate "2006.05.21"]
[Round "9"]
[Result "1-0"]
[White "Tatiana Kosintseva"]
[Black "Shen Yang"]
[WhiteElo "2489"]
[BlackElo "2411"]
[PlyCount "91"]

1. e4 e5 2. Nf3 Nc6 3. Bb5 a6 4. Ba4 Nf6 5. O-O Be7 6. Re1 b5
7. Bb3 d6 8. c3 O-O 9. d4 Bg4 10. d5 Na5 11. Bc2 Qc8 12. Nbd2
c6 13. b4 Nc4 14. Nxc4 bxc4 15. h3 Bd7 16. dxc6 Qxc6 17. a4
Rfe8 18. Bg5 Rad8 19. a5 Qb7 20. Nd2 Be6 21. Qe2 Rc8 22. Nf1
g6 23. Bxf6 Bxf6 24. Ne3 Bg5 25. Red1 Bxe3 26. Qxe3 d5 27. Ba4
Red8 28. exd5 Rxd5 29. Rxd5 Bxd5 30. f3 e4 31. f4 Bc6 32. Qb6
Qa8 33. Bxc6 Rxc6 34. Qd4 Qe8 35. Re1 f5 36. Rd1 Rc8 37. Kf2
Rc6 38. Ke3 Kf7 39. Qa7+ Kf6 40. Rd7 Ke6 41. Rxh7 Rd6 42. Qc5
Rd3+ 43. Ke2 Kf6 44. Qb6+ Qe6 45. Qc7 Qe8 46. Qg7+ 1-0

[Event "37th Chess Olympiad: Women"]
[Site "Turin ITA"]
[Date "2006.06.02"]
[EventDate "2006.05.21"]
[Round "11"]
[Result "0-1"]
[White "Marina Makropoulou"]
[Black "Shen Yang"]
[WhiteElo "2305"]
[BlackElo "2411"]
[PlyCount "70"]

1. e4 e5 2. Nf3 Nc6 3. d4 exd4 4. Nxd4 Bc5 5. Nb3 Bb6 6. Nc3
Nf6 7. Bg5 h6 8. Bh4 d6 9. f3 g5 10. Bg3 Be6 11. Qd2 Qe7
12. Bb5 O-O-O 13. Bxc6 bxc6 14. Nd4 Kb7 15. a4 a6 16. Nce2 d5
17. e5 Nd7 18. a5 Ba7 19. Ra3 Nb8 20. Bf2 Ka8 21. O-O Bd7
22. b4 Rde8 23. c4 dxc4 24. Rc3 Qxb4 25. Qc2 Rxe5 26. Rxc4 Qe7
27. Nc1 Rd5 28. Ncb3 Re8 29. Re1 Qd6 30. Rxe8 Bxe8 31. Bg3
Rxd4 32. Nxd4 Bxd4+ 33. Kf1 Qd5 34. Bf2 c5 35. Qe4 Qxe4 0-1

[Event "37th Chess Olympiad: Women"]
[Site "Turin ITA"]
[Date "2006.06.04"]
[EventDate "2006.05.21"]
[Round "13"]
[Result "1/2-1/2"]
[White "Natalija Popova"]
[Black "Shen Yang"]
[WhiteElo "2223"]
[BlackElo "2411"]
[PlyCount "52"]

1. e4 e5 2. Nf3 Nc6 3. Bb5 a6 4. Ba4 Nf6 5. O-O Be7 6. Re1 b5
7. Bb3 d6 8. a4 Bg4 9. c3 O-O 10. h3 Bxf3 11. Qxf3 Na5 12. Bc2
c5 13. d3 b4 14. Nd2 Rb8 15. Nf1 bxc3 16. bxc3 Nb3 17. Rb1
Nxc1 18. Rexc1 Nd7 19. Bb3 Bg5 20. Ne3 Nb6 21. Rd1 Bxe3
22. Qxe3 Qc7 23. Qd2 a5 24. Qa2 g6 25. Bc4 Kg7 26. Rb5 Nxc4
1/2-1/2

[Event "Chinese Championships"]
[Site "Wuxi CHN"]
[Date "2006.06.25"]
[EventDate "2006.06.25"]
[Round "1"]
[Result "1/2-1/2"]
[White "Shen Yang"]
[Black "Wang Yu"]
[WhiteElo "2411"]
[BlackElo "2390"]
[PlyCount "67"]

1. e4 e5 2. Bc4 Nf6 3. d3 Nc6 4. Nf3 Be7 5. O-O O-O 6. Bb3 d6
7. c3 Na5 8. Bc2 c5 9. Nbd2 Nc6 10. Re1 Qc7 11. Nf1 d5 12. Qe2
d4 13. Bg5 h6 14. Bxf6 Bxf6 15. cxd4 Bg4 16. d5 Nd4 17. Qd1
Bxf3 18. gxf3 Qd7 19. Kg2 Bg5 20. Ng3 f5 21. Nxf5 Rxf5
22. exf5 Qxf5 23. Re4 Bf4 24. Rxd4 exd4 25. Qf1 Rf8 26. Kh1
Qh5 27. h3 Bd6 28. Bd1 Qe5 29. Qg2 Rf5 30. f4 Qxf4 31. Bg4 Rg5
32. Qg3 Qxg3 33. fxg3 Bxg3 34. Rg1 1/2-1/2

[Event "Chinese Championships"]
[Site "Wuxi CHN"]
[Date "2006.06.26"]
[EventDate "2006.06.25"]
[Round "2"]
[Result "0-1"]
[White "Gong Qianyun"]
[Black "Shen Yang"]
[WhiteElo "2355"]
[BlackElo "2411"]
[PlyCount "44"]

1. c4 e5 2. Nc3 Nf6 3. g3 c6 4. e4 Bc5 5. Bg2 d6 6. Nge2 Ng4
7. d4 exd4 8. Nxd4 Qf6 9. Be3 Nxe3 10. fxe3 Nd7 11. Rf1 Qg5
12. Qd2 Ne5 13. b3 Bg4 14. Rf4 h5 15. Nce2 Bb4 16. Nc3 h4
17. Kf2 hxg3+ 18. hxg3 Rh2 19. Kg1 Rh6 20. Raf1 Bh3 21. Nf3
Qxg3 22. Nxe5 Bxc3 0-1

[Event "Chinese Championships"]
[Site "Wuxi CHN"]
[Date "2006.06.27"]
[EventDate "2006.06.25"]
[Round "3"]
[Result "1/2-1/2"]
[White "Shen Yang"]
[Black "Huang Qian"]
[WhiteElo "2411"]
[BlackElo "2391"]
[PlyCount "43"]

1. e4 c5 2. Nc3 d6 3. f4 g6 4. d4 cxd4 5. Qxd4 Nf6 6. e5 Nc6
7. Bb5 Nd7 8. Bxc6 bxc6 9. exd6 Nf6 10. Nf3 exd6 11. O-O Be7
12. b3 O-O 13. Bb2 Qb6 14. Rfe1 Bd8 15. Na4 Qxd4+ 16. Nxd4 Bd7
17. c4 Re8 18. c5 d5 19. Nf3 Rxe1+ 20. Rxe1 Rc8 21. Ne5 Be6
22. Bd4 1/2-1/2

[Event "Chinese Championships"]
[Site "Wuxi CHN"]
[Date "2006.06.28"]
[EventDate "2006.06.25"]
[Round "4"]
[Result "1/2-1/2"]
[White "Shen Yang"]
[Black "Kuang Yinghui"]
[WhiteElo "2411"]
[BlackElo "2303"]
[PlyCount "100"]

1. e4 Nf6 2. e5 Nd5 3. d4 d6 4. c4 Nb6 5. exd6 cxd6 6. Nc3 g6
7. Be3 Bg7 8. Rc1 Nc6 9. b3 O-O 10. d5 Ne5 11. Be2 f5 12. f4
Ng4 13. Bxg4 fxg4 14. Nge2 Nd7 15. O-O Nf6 16. Qd2 Bf5 17. Bd4
a6 18. Ng3 Qd7 19. a4 Rae8 20. Rcd1 h5 21. Qf2 Rf7 22. Rfe1
Ref8 23. Qe2 h4 24. Nxf5 Qxf5 25. Qd3 Qxf4 26. Qxg6 Nd7
27. Ne2 Qh6 28. Qxg4 Ne5 29. Qh3 Qg5 30. Kh1 Ng4 31. Bg1 Nf2+
32. Bxf2 Rxf2 33. Ng1 Be5 34. Re4 R8f4 35. Nf3 Qf6 36. Rxf4
Qxf4 37. Rg1 Bf6 38. Re1 Kg7 39. a5 Rb2 40. Ng1 Be5 41. g3
hxg3 42. hxg3 Qf2 43. Re4 Qf6 44. Rg4+ Kf8 45. Rh4 Qg6
46. Rh8+ Kg7 47. Rh4 Bxg3 48. Rg4 Rh2+ 49. Qxh2 Qxg4 50. Qg2
Qh4+ 1/2-1/2